Statistics for Shapes and symbols

Click here to take the quiz!

General Stats

  • This quiz has been taken 24 times
  • The average score is 6 of 8

Answer Stats

Answer% Correct
Pi
100%
Infinity
90%
Maple Leaf
90%
Crescent
80%
Octagon
80%
Yin Yang
80%
Hexagon
75%
Radioactivity
30%

Score Distribution

Percentile by Number Answered

Percent of People with Each Score

Your Score History

You have not taken this quiz